Indian Birds - Statistics

General Stats
  • This quiz has been taken 21 times
    19 since last reset
  • The average score is 7 of 24
Answer Stats
Picture Answer % Correct
Greater Coucal
60%
Lesser Flamingo
47%
Rose-Ringed Parakeet
47%
Glossy Ibis
40%
Mandarin Duck
40%
Sarus Crane
40%
Greenshank
33%
Roller
33%
Amur Falcon
27%
Bali Myna
27%
Falcated Duck
27%
Grey Plover
27%
Little Grebe
27%
Woodcock
27%
Wreathed Hornbill
27%
Baikal Teal
20%
Little Stint
20%
Painted Stork
20%
Pochard
20%
Ruff
20%
Whinchat
20%
Brown-Winged Kingfisher
13%
Pacific Reef-Heron
13%
Whitethroat
13%
No matching quizzes found
Score Distribution
Percent of People with Each Score
Percentile by Number Answered
Your Score History
You have not taken this quiz since the last reset